000 01014nam a22003377a 4500
001 0074
003 DO-SdBNP
005 20180125094557.0
007 0074
008 151029b sp 1983 ||||| |||| 00| 0 spa d
020 _a8475251110
040 _aBPMSU
_bspa
_cBPMSU
092 _axxxxx
_bxxxxx
100 1 0 _aTwain, Mark,
_d1835-1910.
245 1 3 _aEl forastero misterioso /
_cMark Twain ; traducción Doris Rolfe ; ilustración Julio Gutiérrez Mas
246 1 4 _aThe mysterious stranger
250 _a2a ed.
260 _aMadrid, España :
_bAnaya,
_c1983.
300 _a194 p. :
_bil. ;
_c20 cm.
490 1 0 _aTus libros
490 1 0 _aSatíricos
_v28
500 _aIncluye notas y referencias bibliográficas al pie de las páginas
504 _aBibliografías : p. 191-194
700 1 0 _aRolfe, Doris,
_etr.
700 1 0 _aGutiérrez Mas, Julio,
_eil.
830 0 _aTus libros
830 0 _aSatíricos
_n28
942 _2ddc
_cBK
945 _aInventariado, 2018 /LP
956 _aBrenda Tavárez
_b10
999 _c8497
_d8497